书目信息 |
| 题名: |
植物线虫分类学
|
|
| 作者: | 谢辉 编著 | |
| 分册: | ||
| 出版信息: | 北京 高等教育出版社 2005.09 |
|
| 页数: | 435页 | |
| 开本: | 23cm | |
| 丛书名: | ||
| 单 册: | ||
| 中图分类: | Q959.17 | |
| 科图分类: | ||
| 主题词: | 线虫动物--xian chong dong wu--分类学--研究生--教材 | |
| 电子资源: | ||
| ISBN: | 7-04-017701-3 | |
| 000 | 00991nam0 2200253 450 | |
| 001 | 012006483049 | |
| 005 | 20060927164157.15 | |
| 010 | @a7-04-017701-3@dCNY43.40 | |
| 100 | @a20060726d2005 km y0chiy0120 ea | |
| 101 | 0 | @achi |
| 102 | @aCN@b110000 | |
| 105 | @aa z 000yy | |
| 200 | 1 | @a植物线虫分类学@Azhi wu xian chong fen lei xue@d= Taxonomy of Plant Nematodes@f谢辉编著@Fxie hui bian zhu@zeng |
| 205 | @a第2版 | |
| 210 | @a北京@c高等教育出版社@d2005.09 | |
| 215 | @a435页@c图@d23cm | |
| 300 | @a研究生教学用书 教育部学位管理与研究生教育司推荐 | |
| 330 | @a本书介绍了植物线虫的分类地位、分类进展与现状,分类的概念、内容和原理,各大分类学派的主要观点,生物分类阶元的序级、动物命名法规的基本原则和主要内容,以及植物线虫的进化、分类系统和各类群的鉴定。 | |
| 510 | 1 | @aTaxonomy of Plant Nematodes@zeng |
| 606 | 0 | @a线虫动物@Axian chong dong wu@x分类学@x研究生@j教材 |
| 690 | @aQ959.17@v4 | |
| 701 | 0 | @a谢辉@Axie hui@4编著 |
| 801 | 0 | @aCN@c20060927 |
| 905 | @a10447@dQ959.17@eX443 | |
| 植物线虫分类学= Taxonomy of Plant Nematodes/谢辉编著.-第2版.-北京:高等教育出版社,2005.09 |
| 435页:图;23cm |
| 研究生教学用书 教育部学位管理与研究生教育司推荐 |
| ISBN 7-04-017701-3:CNY43.40 |
| 本书介绍了植物线虫的分类地位、分类进展与现状,分类的概念、内容和原理,各大分类学派的主要观点,生物分类阶元的序级、动物命名法规的基本原则和主要内容,以及植物线虫的进化、分类系统和各类群的鉴定。 |
| ● |
| 相关链接 |
|
|
|
正题名:植物线虫分类学
索取号:Q959.17/X443
 
预约/预借
| 序号 | 登录号 | 条形码 | 馆藏地/架位号 | 状态 | 备注 |
| 1 | 598145 | 205981455 | 自科库401/401自科库 37排3列1层/ [索取号:Q959.17/X443] | 在馆 | |
| 2 | 598146 | 205981464 | 自科库401/401自科库 37排3列1层/ [索取号:Q959.17/X443] | 在馆 | |
| 3 | 598147 | 205981473 | 自科库401/401自科库 37排3列1层/ [索取号:Q959.17/X443] | 在馆 |